[Event "54th Capablanca Memorial 2019"]
[Site "Havana"]
[Date "2019.05.06"]
[Round "4.3"]
[White "Gonzalez Vidal, Yuri"]
[Black "Albornoz Cabrera, Carlos Daniel"]
[Result "1/2-1/2"]
[WhiteElo "2567"]
[BlackElo "2566"]
[Annotator "TA"]
[PlyCount "107"]
[EventDate "2019.05.03"]
[EventType "tourn"]
[EventCountry "CUB"]
[SourceTitle "playchess.com"]
[Source "ChessBase"]
[SourceQuality "1"]

{[%evp 18,107,33,31,37,22,25,8,16,0,10,0,0,0,0,0,2,-11,-14,-16,6,-12,0,-2,0,-40,-12,-16,2,2,8,1,8,7,0,6,5,7,5,7,7,7,9,0,4,0,0,0,4,0,24,32,27,0,0,0,0,-8,-8,-8,-6,-14,-14,-15,0,0,0,0,0,0,0,0,0,0,0,0,0,0,0,0,0,0,0,-4,-8,-8,0,0,0,0,0,0]} 1. e4 c5 2. Nf3 Nc6 3. Nc3 e5 4. Bc4 Be7 5. d3 d6 6. Nd2 Nf6 7. Nf1 Bg4 8. f3 Be6 9. Ne3 O-O 10. O-O ({Predecessor:} 10. Ncd5 Nd7 {1-0 (40) Sengupta,D (2583)-Venkatesh,M (2396) Bangkok 2017}) 10... Nd7 $146 {B30: Sicilian: 2...Nc6 3 Bb5, lines without ...g6} (10... Nh5 11. g3 Bg5 12. Ncd5 Bxe3+ 13. Bxe3 Ne7 14. Bg5 Bxd5 15. Bxd5 h6 16. Bxe7 Qxe7 17. f4 Nf6 18. Bb3 {½-½ (57) Bacrot,E (2725)-Yu,Y (2751) Riadh 2017}) 11. Ncd5 Bg5 12. a3 Nb6 13. Ba2 Bxe3+ 14. Bxe3 Bxd5 15. Bxd5 Nxd5 16. exd5 Nd4 17. c3 Nf5 18. Bf2 Qc7 19. Qd2 b5 20. f4 f6 21. Rfe1 Qb7 22. b4 Qxd5 23. bxc5 dxc5 24. fxe5 fxe5 25. Qa2 c4 26. dxc4 bxc4 27. Rad1 Qe6 28. Qe2 Rfe8 29. Qe4 Nd6 30. Qd5 Nf7 31. Qxe6 Rxe6 32. Rd7 a5 33. Rc7 Nd6 34. a4 e4 35. Bd4 Nf5 {The position is equal.} 36. Rxc4 e3 37. g4 Nxd4 38. Rxd4 $11 {[%mdl 4096] Endgame KRR-KRR} e2 39. Rd2 Re4 40. h3 Rae8 41. Kf2 $1 Rf8+ 42. Kg2 Rfe8 43. Kf2 Rf4+ 44. Kg2 Rxa4 45. Rdxe2 Rxe2+ 46. Rxe2 {KR-KR} Rc4 47. Re8+ {[#]} Kf7 $1 {[%mdl 512]} 48. Ra8 a4 49. Ra7+ Kf6 50. Ra6+ Ke5 {Threatening ...Ke4.} 51. Ra7 g6 52. Rxh7 Rxc3 53. Ra7 a3 54. h4 {Accuracy: White = 64%, Black = 69%.} 1/2-1/2

[Event "54th Capablanca Memorial 2019"]
[Site "Havana"]
[Date "2019.05.07"]
[Round "5.1"]
[White "Albornoz Cabrera, Carlos Daniel"]
[Black "Anton Guijarro, David"]
[Result "1/2-1/2"]
[WhiteElo "2566"]
[BlackElo "2667"]
[Annotator "TA"]
[PlyCount "33"]
[EventDate "2019.05.03"]
[EventType "tourn"]
[EventCountry "CUB"]
[SourceTitle "playchess.com"]
[Source "ChessBase"]
[SourceQuality "1"]

{[%evp 12,32,66,54,62,15,7,22,41,13,19,4,7,7,22,16,16,0,0,0,0,0,0]} 1. e4 e5 2. Nf3 Nc6 3. Bb5 a6 4. Ba4 d6 5. c3 f5 6. exf5 Bxf5 7. O-O Bd3 {C74: Ruy Lopez: Deferred Steinitz: 5 c3 f5} 8. Qb3 (8. Re1 Be7 9. Bc2 Bxc2 10. Qxc2 Nf6 11. d4 e4 12. Ng5 d5 13. Nd2 Nh5 14. Ndxe4 dxe4 15. Qxe4 Nf6 16. Qc2 Qd7 17. Ne6 Kf7 18. Bf4 Rhc8 19. Qb3 Qd5 20. Nxc7 Qxb3 21. axb3 {1-0 (44) Kamsky,G (2666)-Sychev,K (2537) St Petersburg 2018}) 8... b5 9. Qd5 Nd4 10. cxd4 Ne7 {The position is equal.} 11. Qe6 {[#] Black must now prevent Bb3.} Bxf1 12. Bb3 Bc4 $1 {[%cal Rc4e6]} 13. Bxc4 bxc4 14. Ng5 exd4 15. Qf7+ Kd7 16. Qe6+ Ke8 {Predecessor:} 17. Qf7+ $146 1/2-1/2

[Event "54th Capablanca Memorial 2019"]
[Site "Havana"]
[Date "2019.05.07"]
[Round "5.2"]
[White "Sevian, Samuel"]
[Black "Gonzalez Vidal, Yuri"]
[Result "1/2-1/2"]
[WhiteElo "2666"]
[BlackElo "2567"]
[Annotator "TA"]
[PlyCount "78"]
[EventDate "2019.05.03"]
[EventType "tourn"]
[EventCountry "CUB"]
[SourceTitle "playchess.com"]
[Source "ChessBase"]
[SourceQuality "1"]

{[%evp 29,78,13,20,16,19,10,25,6,16,0,0,0,0,11,22,8,4,6,13,0,0,0,18,20,41,5,3,10,8,8,8,6,11,0,0,-11,0,0,0,-19,0,0,0,0,0,0,0,0,0,0,0]} 1. e4 e5 2. Nf3 Nc6 3. Bb5 a6 4. Ba4 Nf6 5. O-O Be7 6. Re1 b5 7. Bb3 d6 8. c3 O-O 9. h3 Bb7 10. d4 Re8 11. Nbd2 Bf8 12. a3 h6 13. Bc2 Nb8 14. b4 Nbd7 15. Bb2 a5 16. Bd3 {C93: Closed Ruy Lopez: Smyslov Variation} (16. dxe5 dxe5 17. Qe2 c6 18. Nb3 axb4 19. cxb4 Qb6 20. Bd3 Nh5 21. Qe3 Nf4 22. Bf1 Qxe3 23. Rxe3 Rad8 {1-0 (50) Zhigalko,S (2678)-Saric,I (2671) Tromsoe 2014}) 16... c6 17. Rc1 Rc8 18. dxe5 {White has an edge.} dxe5 19. Nb3 axb4 20. cxb4 Qb6 21. Qe2 c5 22. bxc5 Nxc5 23. Nxc5 Rxc5 24. Rxc5 (24. Qe3 {seems wilder.} Nd7 25. Rb1 Rc6 26. Qxb6 Rxb6 27. Bc3) 24... Bxc5 {[#]} 25. Rb1 $146 ({Predecessor:} 25. Nxe5 Nxe4 26. Bxe4 Bxe4 27. Nd7 Qg6 28. g4 Qd6 29. Nxc5 {½-½ (30) Socko,B (2557)-Grabarczyk,M (2489) Warsaw 2001}) 25... Bd6 26. Bxb5 Bxe4 {[#] Hoping for ...Rb8.} 27. Bxe8 {Rd1 is the strong threat.} (27. Rc1 $5 {[%cal Rb5e8]} Re6 28. Rc8+ Kh7 29. a4 $14) 27... Bxb1 {The position is equal.} 28. Qb5 Qd8 29. Bc6 e4 $1 {Strongly threatening ...Bd3.} 30. Ne1 {[#] aiming for Bxf6.} Bd3 $1 {[%mdl 512]} 31. Qf5 (31. Nxd3 exd3) 31... Qc7 32. Ba4 Qc4 33. Bd1 Nd5 34. Qg4 {[%csl Gb2][%cal Rg4g7]} Nc3 35. Nxd3 Qxd3 36. Bxc3 Qxc3 {[%cal Rc3e1]} 37. Qxe4 Qxa3 38. Qe8+ Bf8 39. Qe2 Qe7 {Accuracy: White = 67%, Black = 74%.} 1/2-1/2

[Event "54th Capablanca Memorial 2019"]
[Site "Havana"]
[Date "2019.05.07"]
[Round "5.3"]
[White "Adhiban, B.."]
[Black "Ivanchuk, Vassily"]
[Result "1/2-1/2"]
[WhiteElo "2701"]
[BlackElo "2677"]
[Annotator "TA"]
[PlyCount "110"]
[EventDate "2019.05.03"]
[EventType "tourn"]
[EventCountry "CUB"]
[SourceTitle "playchess.com"]
[Source "ChessBase"]
[SourceQuality "1"]

{[%evp 20,110,27,26,27,25,27,28,27,27,27,27,27,27,27,27,27,27,27,27,27,27,27,27,41,42,58,43,43,27,28,0,54,0,27,27,33,42,33,16,47,36,40,37,38,37,58,16,62,62,62,62,93,86,86,86,96,60,60,62,93,66,93,38,93,93,101,61,45,8,8,8,8,8,8,8,36,36,36,36,36,8,8,8,8,8,8,8,8,8,8,8,8]} 1. c4 c5 2. Nf3 Nf6 3. d4 cxd4 4. Nxd4 e6 5. Nc3 Bb4 6. g3 O-O 7. Bg2 d5 8. cxd5 Nxd5 9. Qb3 Qb6 10. Bxd5 exd5 11. Be3 Nc6 {E20: Nimzo-Indian: 4 g3 and 4 f3} (11... Qa5 12. Rc1 Nc6 13. a3 Bxc3+ 14. Qxc3 Qxc3+ 15. Rxc3 Nxd4 16. Bxd4 Bd7 17. Kd2 a6 18. Rc7 Bc6 19. Rc1 Rfc8 {½-½ (43) Moiseenko,A (2659)-Martirosyan,H (2586) Batumi 2018}) 12. Nxc6 Bxc3+ 13. Qxc3 Qxc6 {White has an edge.} 14. Qxc6 bxc6 15. Rc1 Bd7 16. Bd4 f6 $146 ({Predecessor:} 16... a5 17. Kd2 Rfb8 18. Rc5 f6 19. f3 {½-½ (41) Bezold,M (2495)-Grosar,A (2475) Makarska 1995}) 17. f3 h5 18. Kf2 a5 19. Rc5 a4 20. Bc3 Rfb8 21. Rd1 Ra7 22. a3 Kf7 23. Rd4 Ra6 24. Ke3 Re8+ 25. Kf2 Rb8 26. Ke3 Re8+ 27. Kd2 Bh3 28. Ke1 Bf5 29. Kf2 Rb8 30. Rh4 Kg6 31. Rb4 Rxb4 32. axb4 $14 {[%mdl 4096] Endgame KRB-KRB} Bd7 33. Bd4 Rb6 {[#]} 34. Rxd5 $1 {[%mdl 576] Discovered Attack} cxd5 35. Bxb6 {KB-KB} Kf7 36. e4 dxe4 37. fxe4 f5 38. e5 Ke6 39. Bc7 g5 {[#]} 40. Ke3 $1 Kd5 41. Bd6 (41. Bd8 $16) 41... Kc4 (41... Bc6 $14) 42. Be7 $16 Kd5 43. Bf6 Bc6 44. h4 gxh4 45. gxh4 Bd7 46. Kf4 Kc4 $1 47. Kg5 f4 48. Kxf4 Kxb4 49. Kg5 Bg4 $1 50. e6 Bxe6 {The position is equal.} 51. Kxh5 {Be7+ is the strong threat.} Bf7+ 52. Kg5 {And now Be7+ would win.} Kb3 $1 53. h5 Bxh5 54. Kxh5 a3 55. bxa3 Kxa3 {Accuracy: White = 63%, Black = 59%.} 1/2-1/2

[Event "54th Capablanca Memorial 2019"]
[Site "Havana"]
[Date "2019.05.09"]
[Round "6.1"]
[White "Anton Guijarro, David"]
[Black "Ivanchuk, Vassily"]
[Result "1/2-1/2"]
[WhiteElo "2667"]
[BlackElo "2677"]
[Annotator "TA"]
[PlyCount "87"]
[EventDate "2019.05.03"]
[EventType "tourn"]
[EventCountry "CUB"]
[SourceTitle "playchess.com"]
[Source "ChessBase"]
[SourceQuality "1"]

{[%evp 10,87,-3,0,7,0,23,20,19,26,14,5,6,0,0,0,1,-31,-41,-47,-43,-55,-64,-86,0,0,0,0,0,0,0,9,0,0,53,0,18,15,22,24,27,0,0,0,0,0,0,-22,-22,-25,-23,-20,-20,-15,-19,-15,8,8,8,8,8,8,8,8,8,8,8,0,0,0,0,0,0,0,0,0,0,0,0,0]} 1. d4 Nf6 2. c4 e6 3. Nc3 Bb4 4. f3 O-O 5. a3 Bxc3+ 6. bxc3 Nc6 {E27: Nimzo-Indian: Sämisch: 5...0-0 6 f3} 7. e4 e5 8. Ne2 d6 9. Ng3 Na5 $146 ({Predecessor:} 9... Re8 10. Be2 b6 11. O-O h6 12. Be3 Na5 13. Rf2 Be6 {½-½ (41) Ivanchuk,V (2726)-Dzhumagaliev,Y (2400) Riadh 2017}) 10. Bd3 Be6 11. O-O Bxc4 12. Bxc4 Nxc4 13. Rb1 Nd7 14. f4 Ndb6 15. Nf5 f6 $1 16. Rf3 Qd7 (16... exf4 $17 17. Bxf4 Qd7) 17. Rg3 $11 g6 {Threatens to win with ...Kh8.} 18. Qh5 Kh8 19. Rxg6 $1 {Hoping for Qh6!} Qf7 {[%mdl 64] [#] Pin} 20. Rh6 Qxh5 21. Rxh5 Rf7 (21... exf4 $11 22. Rh4 (22. Bxf4 Nxa3 23. Rf1 Nac4 $11) 22... Rae8) 22. h3 (22. Nh6 $14 Rg7 23. Nf5) 22... Re8 23. Nh6 Rff8 {And now ...exd4 would win.} 24. fxe5 dxe5 25. Ng4 (25. a4 $5) 25... exd4 {[%mdl 64] [#] Discovered Attack} 26. cxd4 {e5 is the strong threat.} Rxe4 27. Bh6 Rf7 28. Rf1 Nd7 29. Rd5 Nd6 30. Bf4 Nb6 {The position is equal.} 31. Ra5 Nbc4 32. Rxa7 h5 33. Nh6 Rg7 34. Bxd6 {[%mdl 64] Discovered Attack} Nxd6 35. Nf5 Nxf5 36. Rxf5 {[%mdl 64] Double Attack} Rxd4 37. Rxb7 {[%mdl 4096] Endgame KRR-KRR} Rd1+ 38. Kh2 Rd2 39. Rb8+ Kh7 40. Rxh5+ Kg6 41. Rc5 Kh7 42. Rh5+ Kg6 43. Rc5 Kh7 44. Rh5+ {Accuracy: White = 64%, Black = 74%.} 1/2-1/2

[Event "54th Capablanca Memorial 2019"]
[Site "Havana"]
[Date "2019.05.09"]
[Round "6.2"]
[White "Adhiban, B.."]
[Black "Gonzalez Vidal, Yuri"]
[Result "1/2-1/2"]
[WhiteElo "2701"]
[BlackElo "2567"]
[Annotator "TA"]
[PlyCount "114"]
[EventDate "2019.05.03"]
[EventType "tourn"]
[EventCountry "CUB"]
[SourceTitle "playchess.com"]
[Source "ChessBase"]
[SourceQuality "1"]

{[%evp 18,114,26,22,16,8,8,8,8,8,8,6,17,16,18,4,14,2,2,4,18,0,22,12,28,10,8,14,14,9,21,12,25,13,20,19,37,10,6,8,15,16,58,52,65,38,38,31,45,18,25,18,21,13,12,8,8,5,5,5,5,5,5,4,4,4,4,5,5,0,0,0,0,0,0,0,0,0,0,0,0,0,0,0,0,0,0,0,0,0,0,0,0,0,0,0,0,0,0]} 1. d4 Nf6 2. c4 e6 3. Nf3 d5 4. Nc3 Be7 5. g3 O-O 6. Bg2 dxc4 7. Ne5 c5 8. dxc5 Qxd1+ 9. Nxd1 Bxc5 10. O-O Nc6 {E06: Closed Catalan: Early deviations} 11. Bxc6 bxc6 12. Be3 Bb6 13. Bxb6 axb6 14. Nc3 {[#]} Nd5 $146 ({Predecessor:} 14... Bd7 15. Rfd1 Rfd8 16. Nxc4 b5 17. Ne5 Be8 18. Rxd8 Rxd8 {1-0 (64) Giri,A (2797)-Jakovenko,D (2719) Shenzhen 2019}) 15. a4 f6 16. Nxc4 {Threatening Nxd5.} Rb8 17. Ne4 Ba6 18. Rfc1 Rfd8 19. f3 e5 20. Kf2 Ne7 21. g4 (21. Ne3 {with more complications.} f5 22. Nc3 Kf7 23. b4 f4 24. Nc2) 21... Bxc4 22. Rxc4 Ra8 23. b3 c5 24. e3 Nc6 25. Ke2 Kf7 26. h4 Rd5 27. Rd1 Rxd1 28. Kxd1 $11 {[%mdl 4096] Endgame KRN-KRN} Rd8+ 29. Ke2 Rd5 30. Rc1 Rd7 31. Nd2 Na5 {[#] White must now prevent ...Rxd2+!} 32. Rb1 Ke6 33. b4 cxb4 $1 34. Rxb4 Rd6 $1 {The position is equal.} 35. Ne4 Rc6 36. Kd3 Nb7 37. h5 Nd6 38. Nxd6 Kxd6 {KR-KR} 39. Rb5 Ke6 40. f4 exf4 41. exf4 Rd6+ 42. Ke3 Rc6 43. g5 fxg5 44. fxg5 Rd6 45. Ke4 Rc6 46. Re5+ Kf7 47. Kd5 Rc5+ 48. Kd6 Rxe5 49. Kxe5 {K3P-K3P} Ke7 50. Kf5 Kd7 51. h6 g6+ 52. Kf6 Kd6 53. Kf7 Kd7 54. Kg7 Ke7 55. Kxh7 Kf7 56. Kh8 {[#] Hoping for Kh7.} Kf8 57. Kh7 Kf7 {Accuracy: White = 56%, Black = 70%.} 1/2-1/2

[Event "54th Capablanca Memorial 2019"]
[Site "Havana"]
[Date "2019.05.09"]
[Round "6.3"]
[White "Sevian, Samuel"]
[Black "Albornoz Cabrera, Carlos Daniel"]
[Result "0-1"]
[WhiteElo "2666"]
[BlackElo "2566"]
[Annotator "TA"]
[PlyCount "82"]
[EventDate "2019.05.03"]
[EventType "tourn"]
[EventCountry "CUB"]
[SourceTitle "playchess.com"]
[Source "ChessBase"]
[SourceQuality "1"]

{[%evp 10,94,33,39,31,12,14,7,22,26,35,32,31,26,35,27,19,37,30,23,19,9,39,36,27,25,37,18,47,9,9,6,27,33,34,0,0,0,0,0,0,-56,-68,-60,-51,-41,-33,-72,-81,-76,-73,-139,-142,-130,-132,-297,-224,-224,-222,-233,-235,-249,-247,-229,-238,-244,-227,-222,-240,-210,-243,-481,-479,-541,-499,-498,-470,-556,-525,-545,-509,-29965,-29966,-29989,-997,-29990,-29991]} 1. e4 c5 2. Nf3 Nc6 3. Bb5 d6 4. O-O Bd7 5. Re1 Nf6 6. c3 a6 {B51: Sicilian: Moscow Variation (3 Bb5+) without 3...Bd7} 7. Bc4 (7. Bf1 Bg4 8. h3 Bxf3 9. Qxf3 e6 10. d3 Be7 11. Nd2 O-O 12. g3 d5 13. Qe2 b5 14. Bg2 Rb8 15. Nf3 Qb6 16. exd5 Nxd5 17. Ng5 Bxg5 18. Bxg5 {½-½ (31) Jones,G (2681)-Bu,X (2731) Astana 2019}) 7... Bg4 8. d4 Bxf3 {The position is equal.} 9. gxf3 g6 10. d5 Ne5 11. Be2 $146 ({Predecessor:} 11. Bf1 Qd7 12. f4 Qg4+ 13. Qxg4 Nexg4 14. Nd2 {1-0 (42) Fernandez,F (2424)-Iturbide Arnedo,O (2080) Sitges 2017}) 11... g5 12. Kh1 h6 13. f4 gxf4 14. Bxf4 h5 15. Rg1 Bh6 16. Bxh6 Rxh6 17. Nd2 Qd7 18. f3 Rg6 19. Rxg6 (19. f4 {seems wilder.} Rxg1+ 20. Qxg1 Ng6 21. Qe3 O-O-O 22. Nc4) 19... Nxg6 20. Bf1 Qc7 21. a4 e6 22. Nc4 {Strongly threatening dxe6.} exd5 23. exd5 O-O-O 24. a5 Kb8 25. b4 (25. Qd2 $11) 25... Ne5 $15 26. Rc1 Nfd7 27. Ne3 Rg8 28. Bh3 Nf6 29. Qf1 Re8 30. Bf5 ({Better is} 30. Qd1) 30... Ng6 $17 {[%cal Be5g6,Bg6f4,Bf4d5,Bd5c3][%mdl 32]} 31. Nc4 Nf4 {Hoping for ...cxb4.} 32. Be4 $2 (32. Qd1 $17) 32... Qe7 $19 ({Weaker is} 32... Nxe4 33. fxe4 Rxe4 34. Nb6 $15) ({Not} 32... N6xd5 33. Qd1 $15) (32... N4xd5 33. Bxd5 Nxd5 34. Qd3 $17) 33. Nd2 N6xd5 34. bxc5 dxc5 35. Rb1 {intending Qxa6.} f5 ({Avoid the trap} 35... Nxc3 $2 36. Rxb7+ Qxb7 37. Bxb7 $18) 36. Bxd5 Nxd5 37. Qd3 Qe6 38. Qc4 Qd6 39. Nb3 {[#]} Nxc3 $1 {[%mdl 512]} 40. Rg1 $2 (40. Qxc3 {is the only way for White.} Re2 41. Qh8+ {[%mdl 64] Double Attack} Ka7 42. Qxh5) 40... Ne2 41. Rb1 {[#]} Re5 {Played: Qd6-c6} 0-1

[Event "54th Capablanca Memorial 2019"]
[Site "Havana"]
[Date "2019.05.10"]
[Round "7.1"]
[White "Sevian, Samuel"]
[Black "Anton Guijarro, David"]
[Result "1/2-1/2"]
[WhiteElo "2666"]
[BlackElo "2667"]
[Annotator "TA"]
[PlyCount "74"]
[EventDate "2019.05.03"]
[EventType "tourn"]
[EventCountry "CUB"]
[SourceTitle "playchess.com"]
[Source "ChessBase"]
[SourceQuality "1"]

{[%evp 29,74,39,35,33,33,22,22,27,29,16,33,27,29,21,40,22,27,20,29,35,35,45,41,0,7,0,0,0,0,9,0,0,0,0,0,0,0,0,0,0,0,0,0,0,0,0,0]} 1. e4 e5 2. Nf3 Nc6 3. Bb5 a6 4. Ba4 Nf6 5. O-O Nxe4 6. d4 b5 7. Bb3 d5 8. dxe5 Be6 9. Nbd2 Be7 10. c3 O-O 11. Bc2 f5 12. Nb3 Qd7 13. Nfd4 Nxd4 14. Nxd4 c5 15. Nxe6 Qxe6 16. f3 {C83: Open Ruy Lopez: 9 c3 Be7} Ng5 17. a4 {Hoping for axb5.} Rad8 18. axb5 axb5 19. Kh1 f4 20. b4 {[#]} Qxe5 $146 ({Predecessor:} 20... cxb4 21. cxb4 Qxe5 22. Rb1 Qb8 23. Re1 Rd7 {1-0 (36) So,W (2780)-Vidit,S (2718) chess.com INT 2018}) 21. Re1 Qf6 22. bxc5 Bxc5 23. Qd3 Kh8 24. Rb1 Bf2 25. Re2 Bg3 26. hxg3 (26. h3 {is interesting.} Qh6 27. Ba3 b4 28. cxb4 Nxh3 29. gxh3 Qxh3+ 30. Kg1) 26... Qh6+ {The position is equal.} 27. Kg1 fxg3 {[#]} 28. Qxh7+ $1 {[%mdl 512]} Nxh7 29. Bxh6 gxh6 30. Bxh7 Kxh7 31. Rxb5 $11 {[%mdl 4096] Endgame KRR-KRR} Rb8 32. Reb2 Rxb5 33. Rxb5 Ra8 {[#] ( -> ...Ra1+)} 34. Kf1 Ra1+ 35. Ke2 Ra2+ 36. Ke3 $1 Rxg2 37. Kf4 Rc2 {Accuracy: White = 88%, Black = 78%.} 1/2-1/2

[Event "54th Capablanca Memorial 2019"]
[Site "Havana"]
[Date "2019.05.10"]
[Round "7.2"]
[White "Albornoz Cabrera, Carlos Daniel"]
[Black "Adhiban, B.."]
[Result "1/2-1/2"]
[WhiteElo "2566"]
[BlackElo "2701"]
[Annotator "TA"]
[PlyCount "52"]
[EventDate "2019.05.03"]
[EventType "tourn"]
[EventCountry "CUB"]
[SourceTitle "playchess.com"]
[Source "ChessBase"]
[SourceQuality "1"]

{[%evp 10,52,16,16,24,14,19,17,23,15,22,23,11,0,0,-4,0,11,14,-18,22,0,25,22,46,37,52,47,55,35,22,9,12,12,10,11,12,12,11,9,10,10,13,0,6]} 1. e4 e6 2. d4 d5 3. Nd2 c5 4. exd5 Qxd5 5. Ngf3 cxd4 6. Bc4 Qd7 {C07: French Tarrasch: 3...c5, 4 Ngf3 and 4 exd5 Qxd5} (6... Qd6 7. O-O Nf6 8. Nb3 Nc6 9. Nbxd4 Nxd4 10. Nxd4 a6 11. Re1 Qc7 12. Bf1 Be7 13. Qf3 O-O 14. Bf4 Bd6 15. Bxd6 Qxd6 16. Rad1 Qc7 17. c4 Rb8 18. Qg3 Qxg3 19. hxg3 Bd7 {½-½ (61) Karjakin,S (2773)-Duda,J (2737) chess.com INT 2018}) 7. O-O Nc6 8. Nb3 {[%cal Rb3d4]} a6 9. Nbxd4 Nxd4 10. Nxd4 Qc7 11. Qe2 Bd6 12. Nf3 Ne7 13. Bd3 O-O 14. h3 Ng6 15. Ng5 {[#]} h6 $146 ({Predecessor:} 15... Be7 16. Qh5 Bxg5 17. Qxg5 Bd7 18. Be3 Rac8 19. Rfd1 h6 20. Qh5 Nf4 21. Bxf4 {½-½ (21) Movsesian,S (2671)-Predojevic,B (2621) Germany 2018}) 16. Bxg6 {[#] Bh7+ is the strong threat.} fxg6 17. Nxe6 Qe7 18. Re1 Rf6 {[%cal Rf6e6]} 19. Nf4 Qf7 20. Qe8+ {The position is equal.} Qxe8 $1 21. Rxe8+ Kf7 22. Re4 Bf5 23. Re2 Rd8 24. Nd5 Re6 $1 {[%cal Re6e2]} 25. Rxe6 Kxe6 26. Nf4+ Bxf4 {Accuracy: White = 58%, Black = 76%.} 1/2-1/2

[Event "54th Capablanca Memorial 2019"]
[Site "Havana"]
[Date "2019.05.10"]
[Round "7.3"]
[White "Gonzalez Vidal, Yuri"]
[Black "Ivanchuk, Vassily"]
[Result "0-1"]
[WhiteElo "2567"]
[BlackElo "2677"]
[Annotator "TA"]
[PlyCount "90"]
[EventDate "2019.05.03"]
[EventType "tourn"]
[EventCountry "CUB"]
[SourceTitle "playchess.com"]
[Source "ChessBase"]
[SourceQuality "1"]

{[%evp 17,90,19,22,2,18,0,0,0,0,0,0,0,7,7,4,4,7,11,16,0,9,0,7,0,15,0,0,0,0,0,0,0,0,0,0,-15,-21,-37,-33,-35,-37,-37,-35,-56,-61,-74,-74,-81,-72,-75,-70,-102,-102,-96,-96,-102,-90,-96,-96,-104,-102,-121,-108,-234,-219,-223,-200,-487,-486,-669,-651,-760,-753,-725,-717]} 1. e4 c5 2. Nf3 Nc6 3. Bb5 g6 4. O-O Bg7 5. Re1 e5 6. Bxc6 dxc6 7. d3 Qe7 8. Nbd2 Nf6 9. Nc4 Nd7 10. a4 {B31: Sicilian: 2...Nc6 3 Bb5 g6} O-O 11. a5 Rd8 12. Be3 {The position is equal.} Nf8 13. Qb1 $146 ({Predecessor:} 13. Qc1 f6 14. b3 Ne6 15. Kh1 Qc7 16. Qa3 {½-½ (42) Ivanov,A (2372)-Petrosian,D (2486) Alushta 2007}) 13... f6 14. Ra4 Be6 15. Nfd2 Nd7 16. b4 Bf8 {[%cal Rc5b4]} 17. bxc5 Nxc5 18. Ra2 Qf7 19. Rb2 Rd7 20. f3 Na6 21. Kh1 c5 22. Qd1 Nb4 23. Qe2 Rb8 24. f4 exf4 25. Bxf4 Re8 26. Qf2 (26. h3 {looks sharper.} Qe7 27. Qf2 Bg7 28. Be3 Rc8 29. Qg3) 26... Rxd3 27. Rxb4 Rxd2 28. Qxd2 cxb4 29. Nd6 Bxd6 $1 30. Qxd6 {[#]} Bd5 $1 {[%mdl 512]} 31. Bd2 (31. Qxd5 Qxd5) 31... Bxe4 ({Of course not} 31... Rxe4 32. Rxe4 Bxe4 33. Bh6 $11) 32. Bxb4 Qc4 33. Qd2 g5 34. Bc3 Kf7 35. Kg1 Re6 36. Re3 a6 37. h3 Qc6 38. Bd4 Kg6 39. Rc3 Qd6 40. Rc8 {[#]} (40. Re3 $17 {is a better defense.}) 40... Bc6 $1 $19 41. Qd3+ Kg7 {Threatens to win with ...Re1+.} 42. c3 $2 (42. Bf2 {keeps fighting.}) 42... Qd7 {Black is clearly winning.} ({Weaker is} 42... Re1+ 43. Kf2 $19) 43. Ra8 {[#]} Qd5 $1 {[%csl Gc6][%cal Rd5g2]} 44. Qd2 {[#] If only White now had time for c4....} Re1+ $1 {[%mdl 512]} 45. Kf2 (45. Qxe1 Qxg2#) 45... Ra1 {Accuracy: White = 45%, Black = 76%.} 0-1

[Event "54th Capablanca Memorial 2019"]
[Site "Havana"]
[Date "2019.05.11"]
[Round "8.1"]
[White "Anton Guijarro, David"]
[Black "Gonzalez Vidal, Yuri"]
[Result "1-0"]
[WhiteElo "2667"]
[BlackElo "2567"]
[Annotator "TA"]
[PlyCount "61"]
[EventDate "2019.05.03"]
[EventType "tourn"]
[EventCountry "CUB"]
[SourceTitle "playchess.com"]
[Source "ChessBase"]
[SourceQuality "1"]

{[%evp 16,61,31,22,35,21,25,22,25,32,27,18,62,39,42,20,23,23,20,29,28,14,104,102,113,162,170,167,219,249,392,352,393,403,402,404,396,403,401,400,443,435,663,541,5306,5820,5410,5361]} 1. Nf3 d5 2. g3 Nf6 3. Bg2 e6 4. O-O c5 5. c4 dxc4 6. Na3 Nc6 7. Nxc4 Be7 8. b3 O-O 9. Bb2 Qc7 {A13: English Opening: 1...e6} (9... Bd7 10. d4 cxd4 11. Nxd4 Rc8 12. Nb5 a6 13. Nbd6 Rc7 14. Rc1 Qb8 15. e4 b5 16. e5 Nd5 17. Bxd5 exd5 {1-0 (31) Wei,Y (2743)-Yu,Y (2751) Shenzhen 2017}) 10. d4 Rd8 11. Rc1 $146 ({Predecessor:} 11. e3 b6 12. Qe2 Bb7 13. dxc5 Bxc5 14. Bxf6 gxf6 15. Rac1 Bf8 16. Nh4 Rac8 17. Qh5 {½-½ (27) Konopka,M (2433)-Lahner,J (2314) Czechia 2007}) 11... b5 {The position is equal.} 12. Ncd2 Bb7 13. Qc2 Nd7 14. Ne4 {[%cal Rd4c5]} Nb4 {[%mdl 64] Double Attack} 15. Qb1 Bxe4 $1 16. Qxe4 {dxc5 is the strong threat.} Nxa2 17. Ra1 Nb4 18. dxc5 {[%mdl 64] Discovered Attack} Nd5 (18... a5 $11 {remains equal.}) 19. b4 $16 a5 20. Nd4 $1 {[%cal Rd4e6] Hoping for Nxe6!} N7f6 21. Nxe6 $1 ({Much less strong is} 21. Nxb5 $6 Qc6 $16) 21... fxe6 (21... Qd7 $142 22. Bxf6 Nxf6) 22. Qxe6+ $40 {[%mdl 128] White wants a kill.} Kf8 {[#]} (22... Kh8 $142 23. Bxf6 Bxf6) 23. Bxf6 $1 Nxf6 24. Bxa8 Rxa8 {[#]} 25. Rxa5 $1 Rxa5 26. bxa5 Qxa5 27. c6 b4 28. Rd1 {White is clearly winning.} g6 (28... Bd8 $142 29. Qd6+ Be7 30. Qb8+ Ne8 31. Qf4+ Bf6) 29. e4 Qa7 30. Rd3 Kg7 {[#]} 31. Rd7 $1 {[%mdl 576] Promotion. Accuracy: White = 77%, Black = 49%.} 1-0